000 00729nam a2200241 i 4500
001 131648
003 ES-MaACL
005 20230906194023.0
007 t|
008 070214s1967 sp r ||||1| spa d
080 _a821.134.2-14"18"
080 _a929 Martínez Monroy, José
100 1 _aRodríguez Cánovas, José.
_998404
245 1 3 _aEl poeta Monroy /
_cJosé Rodríguez Cánovas.
260 _aCartagena :
_bAthenas,
_c1967.
300 _a60 p., [2] p. de lám. :
_bil. ;
_c20 cm.
490 1 _aAlmarjal ;
_v4
505 8 _aIncluye antología de José Martínez Monroy
600 1 4 _aMartinez Monroy, José.
_9129573
830 1 _aAlmarjal ;
_v4
_9186869
852 _aES-MaACL
_jC-33202
999 _c131648
_d131648